00000000cam 2200000zi 4500
0019.963190
003CaOODSP
00520260601174852
006m     o  d f      
007cr bn ||||||||
008260529e20260526onc     ol   f000 0 eng d
040 |aCaOODSP|beng|erda|cCaOODSP
041 |aeng|afre
043 |an-cn---
0861 |aYB451-214/3-PDF
1101 |aCanada. |bParliament. |bSenate, |eissuing body.
24513|aAn Act to amend the Special Economic Measures Act (disposal of foreign state assets) = |bLoi modifiant la Loi sur les mesures économiques spéciales (disposition des biens d'un État étranger).
24631|aLoi modifiant la Loi sur les mesures économiques spéciales (disposition des biens d'un État étranger)
264 1|a[Ottawa] : |bSenate of Canada = Sénat du Canada, |cMay 26, 2026.
300 |a1 online resource (ii, 2 pages).
336 |atext|btxt|2rdacontent
337 |acomputer|bc|2rdamedia
338 |aonline resource|bcr|2rdacarrier
4901 |aBill S-... ; |vBill S-214, 1st Session, 45th Parliament
500 |a"First Session, Forty-fifth Parliament, 3-4 Charles III, 2025-2026."
500 |a"As passed by the Senate, May 26, 2026."
520 |a"This enactment amends the Special Economic Measures Act to allow the Governor in Council to dispose of a foreign state's assets seized under the Act if the seizure occurred without a judicial order"--Summary, page ii.
546 |aText in English and French.
61010|aCanada. |tSpecial Economic Measures Act.
650 0|aForeign property|xLaw and legislation|zCanada.
655 7|aLegislative bills|2lcgft
788 |tAn Act to amend the Special Economic Measures Act (disposal of foreign state assets) = |efre|w(CaOODSP)9.963191
830#0|aBill S-...|vBill S-214, 1st Session, 45th Parliament.|w(CaOODSP)9.500665
85640|qPDF|s131 KB|uhttps://publications.gc.ca/collections/collection_2026/sen/YB451-214-3.pdf
8564 |qHTML|sN/A|uhttps://www.parl.ca/DocumentViewer/en/45-1/bill/S-214/third-reading
986 |a4512327